[Event "CZE-ch 2020"]
[Site "Pilsen"]
[Date "2020.08.23"]
[Round "1.36"]
[White "Janous, Marek"]
[Black "Kusa, Jakub"]
[Result "0-1"]
[WhiteElo "1968"]
[BlackElo "2239"]
[Annotator "ChessBase"]
[PlyCount "162"]
[EventDate "2020.08.23"]
[EventType "swiss"]
[EventCountry "CZE"]
[SourceTitle "playchess.com"]
[Source "ChessBase"]
[SourceQuality "1"]
[TimeControl "40/5400+30:1800+30"]

1. e4 {[%emt 0:00:00]} e5 {[%emt 0:00:00]} 2. Nf3 {[%emt 0:00:03]} Nc6 {[%emt 0:00:00]} 3. d4 {[%emt 0:04:17]} exd4 {[%emt 0:00:01]} 4. Bc4 {[%emt 0:01:17]} Nf6 {[%emt 0:00:15]} 5. O-O {[%emt 0:00:30]} Nxe4 {[%emt 0:00:40]} 6. Re1 {[%emt 0:00:21]} d5 {[%emt 0:00:50]} 7. Bxd5 {[%emt 0:00:15]} Qxd5 {[%emt 0:00:07]} 8. Nc3 {[%emt 0:00:25]} Qd7 {[%emt 0:00:48]} 9. Nxe4 {[%emt 0:11:52]} Be7 {[%emt 0:00:31]} 10. Bg5 {[%emt 0:00:23]} O-O {[%emt 0:01:15]} 11. Bxe7 {[%emt 0:01:18]} Qxe7 {[%emt 0:02:53]} 12. Nxd4 {[%emt 0:01:09]} Nxd4 {[%emt 0:03:38]} 13. Qxd4 {[%emt 0:00:21]} b6 {[%emt 0:06:15]} 14. Ng3 {[%emt 0:07:14]} Be6 {[%emt 0:09:12]} 15. Qe5 {[%emt 0:08:47]} Rfe8 {[%emt 0:05:35]} 16. Re3 {[%emt 0:06:08]} f6 {[%emt 0:02:23]} 17. Qc3 {[%emt 0:01:08]} Qf7 {[%emt 0:01:55]} 18. Rae1 {[%emt 0:01:14]} Rad8 {[%emt 0:03:34]} 19. h3 {[%emt 0:01:40]} c5 {[%emt 0:06:12]} 20. a4 {[%emt 0:02:54]} Bd5 {[%emt 0:04:11]} 21. a5 {[%emt 0:05:14]} Rxe3 {[%emt 0:08:51]} 22. Qxe3 {[%emt 0:02:06]} Bc6 {[%emt 0:02:03]} 23. axb6 {[%emt 0:01:01]} axb6 {[%emt 0:00:17]} 24. Nf5 {[%emt 0:04:01]} Re8 {[%emt 0:04:07]} 25. Qd2 {[%emt 0:01:21]} Rxe1+ {[%emt 0:03:02]} 26. Qxe1 {[%emt 0:00:05]} Kf8 {[%emt 0:01:06]} 27. Qd2 {[%emt 0:02:05]} Qd5 {[%emt 0:01:44]} 28. Qxd5 {[%emt 0:00:37]} Bxd5 {[%emt 0:00:01]} 29. Ne3 {[%emt 0:00:13]} Be6 {[%emt 0:00:37]} 30. Kf1 {[%emt 0:00:22]} g5 {[%emt 0:01:55]} 31. g4 {[%emt 0:01:33]} Ke7 {[%emt 0:01:10]} 32. Kg2 {[%emt 0:02:15]} Kd6 {[%emt 0:00:32]} 33. c3 {[%emt 0:01:00]} Ke5 {[%emt 0:01:24]} 34. f3 {[%emt 0:02:27]} b5 {[%emt 0:02:38]} 35. Kg3 {[%emt 0:01:03]} b4 {[%emt 0:02:56]} 36. Nf1 {[%emt 0:02:49]} f5 {[%emt 0:03:03]} 37. Nd2 {[%emt 0:00:47]} Bd5 {[%emt 0:01:27]} 38. Nf1 {[%emt 0:03:43]} f4+ {[%emt 0:07:25]} 39. Kf2 {[%emt 0:00:19]} Bc4 {[%emt 0:00:14]} 40. Nd2 {[%emt 0:00:19]} Bd3 {[%emt 0:00:40]} 41. Kg2 {[%emt 0:31:43]} bxc3 {[%emt 0:30:45]} 42. bxc3 {[%emt 0:00:16]} c4 {[%emt 0:02:15]} 43. Kh2 {[%emt 0:00:27]} Kd5 {[%emt 0:00:14]} 44. Kg2 {[%emt 0:00:25]} Kc5 {[%emt 0:00:26]} 45. h4 {[%emt 0:00:30]} h6 {[%emt 0:02:02]} 46. hxg5 {[%emt 0:00:07]} hxg5 {[%emt 0:00:27]} 47. Kf2 {[%emt 0:00:20]} Kb5 {[%emt 0:01:07]} 48. Ke1 {[%emt 0:00:15]} Ka4 {[%emt 0:01:00]} 49. Kf2 {[%emt 0:00:03]} Ka3 {[%emt 0:01:59]} 50. Kg2 {[%emt 0:01:48]} Kb2 {[%emt 0:01:26]} 51. Ne4 {[%emt 0:00:36]} Bxe4 {[%emt 0:01:07]} 52. fxe4 {[%emt 0:00:07]} Kxc3 {[%emt 0:00:06]} 53. e5 {[%emt 0:00:05]} Kd2 {[%emt 0:00:29]} 54. e6 {[%emt 0:00:20]} c3 {[%emt 0:00:08]} 55. e7 {[%emt 0:00:02]} c2 {[%emt 0:00:13]} 56. e8=Q {[%emt 0:00:42]} c1=Q {[%emt 0:00:13]} 57. Qe5 {[%emt 0:03:43]} Kd1 {[%emt 0:02:38]} 58. Kf1 {[%emt 0:01:39]} Qc4+ {[%emt 0:00:42]} 59. Kf2 {[%emt 0:00:40]} Qa2+ {[%emt 0:02:53]} 60. Kf1 {[%emt 0:00:32]} Qa6+ {[%emt 0:00:44]} 61. Kf2 {[%emt 0:01:09]} Qb6+ {[%emt 0:00:25]} 62. Kf1 {[%emt 0:00:24]} Qd8 {[%emt 0:02:50]} 63. Qa1+ {[%emt 0:01:01]} Kd2 {[%emt 0:00:50]} 64. Qb2+ {[%emt 0:00:17]} Kd3 {[%emt 0:00:52]} 65. Qe2+ {[%emt 0:03:45]} Kc3 {[%emt 0:00:12]} 66. Qe5+ {[%emt 0:01:13]} Kc4 {[%emt 0:00:16]} 67. Qe4+ {[%emt 0:04:12]} Qd4 {[%emt 0:00:30]} 68. Qc2+ {[%emt 0:00:24]} Kb4 {[%emt 0:00:18]} 69. Qb1+ {[%emt 0:00:29]} Kc3 {[%emt 0:00:49]} 70. Qc1+ {[%emt 0:00:37]} Kd3 {[%emt 0:00:44]} 71. Qd1+ {[%emt 0:00:31]} Ke4 {[%emt 0:00:12]} 72. Qe2+ {[%emt 0:00:19]} Qe3 {[%emt 0:00:23]} 73. Qc4+ {[%emt 0:00:12]} Kf3 {[%emt 0:00:49]} 74. Qd5+ {[%emt 0:01:22]} Kg3 {[%emt 0:00:55]} 75. Qg2+ {[%emt 0:02:30]} Kh4 {[%emt 0:00:02]} 76. Qd5 {[%emt 0:01:08]} Qh3+ {[%emt 0:00:29]} 77. Kg1 {[%emt 0:00:25]} Qxg4+ {[%emt 0:00:09]} 78. Kh2 {[%emt 0:00:55]} f3 {[%emt 0:00:29]} 79. Qd2 {[%emt 0:00:45]} Qg2+ {[%emt 0:00:57]} 80. Qxg2 {[%emt 0:00:07]} fxg2 {[%emt 0:00:06]} 81. Kxg2 {[%emt 0:00:12]} Kg4 {[%emt 0:00:02]} 0-1

[Event "CZE-ch 2020"]
[Site "Pilsen"]
[Date "2020.08.23"]
[Round "1.37"]
[White "Jurek, Josef"]
[Black "Paseka, Matyas"]
[Result "1-0"]
[WhiteElo "2234"]
[BlackElo "1959"]
[Annotator "ChessBase"]
[PlyCount "87"]
[EventDate "2020.08.23"]
[EventType "swiss"]
[EventCountry "CZE"]
[SourceTitle "playchess.com"]
[Source "ChessBase"]
[SourceQuality "1"]
[TimeControl "40/5400+30:1800+30"]

1. Nf3 {[%emt 0:00:00]} Nf6 {[%emt 0:00:00]} 2. c4 {[%emt 0:00:00]} g6 {[%emt 0:00:00]} 3. d4 {[%emt 0:00:05]} Bg7 {[%emt 0:00:08]} 4. g3 {[%emt 0:00:21]} O-O {[%emt 0:00:09]} 5. Bg2 {[%emt 0:00:13]} d6 {[%emt 0:00:15]} 6. Nc3 {[%emt 0:00:16]} c5 {[%emt 0:00:31]} 7. dxc5 {[%emt 0:02:32]} dxc5 {[%emt 0:00:24]} 8. Be3 {[%emt 0:01:25]} Qa5 {[%emt 0:06:26]} 9. Qa4 {[%emt 0:00:32]} Qb4 {[%emt 0:04:59]} 10. Qxb4 {[%emt 0:08:29]} cxb4 {[%emt 0:00:11]} 11. Nb5 {[%emt 0:00:45]} Nc6 {[%emt 0:02:32]} 12. Rd1 {[%emt 0:11:55]} Ng4 {[%emt 0:07:49]} 13. Bc1 {[%emt 0:02:34]} a6 {[%emt 0:05:34]} 14. Nc7 {[%emt 0:01:32]} Rb8 {[%emt 0:00:11]} 15. Nd5 {[%emt 0:06:40]} b5 {[%emt 0:08:04]} 16. c5 {[%emt 0:04:02]} Bb7 {[%emt 0:01:10]} 17. O-O {[%emt 0:02:07]} Rfd8 {[%emt 0:10:46]} 18. e4 {[%emt 0:07:23]} e6 {[%emt 0:03:50]} 19. h3 {[%emt 0:01:12]} Nge5 {[%emt 0:05:24]} 20. Nxe5 {[%emt 0:03:14]} Bxe5 {[%emt 0:00:19]} 21. Bg5 {[%emt 0:03:57]} exd5 {[%emt 0:06:57]} 22. Bxd8 {[%emt 0:08:09]} Rxd8 {[%emt 0:06:04]} 23. exd5 {[%emt 0:00:34]} Na5 {[%emt 0:02:11]} 24. b3 {[%emt 0:03:42]} Kf8 {[%emt 0:03:06]} 25. Rfe1 {[%emt 0:01:03]} Bb8 {[%emt 0:01:04]} 26. Rd4 {[%emt 0:04:44]} Ba7 {[%emt 0:01:42]} 27. Rc1 {[%emt 0:03:02]} f5 {[%emt 0:09:29]} 28. Rxb4 {[%emt 0:01:13]} Rc8 {[%emt 0:03:13]} 29. c6 {[%emt 0:02:11]} Bb8 {[%emt 0:00:40]} 30. Re1 {[%emt 0:03:05]} Ba8 {[%emt 0:01:08]} 31. Rh4 {[%emt 0:01:53]} h5 {[%emt 0:01:21]} 32. Rd4 {[%emt 0:01:27]} Rd8 {[%emt 0:01:09]} 33. Rdd1 {[%emt 0:04:10]} Kf7 {[%emt 0:01:48]} 34. Rc1 {[%emt 0:01:07]} Bc7 {[%emt 0:00:27]} 35. Rc2 {[%emt 0:01:56]} Bd6 {[%emt 0:05:16]} 36. Rce2 {[%emt 0:02:02]} Bb4 {[%emt 0:00:42]} 37. Rc1 {[%emt 0:01:18]} Bd6 {[%emt 0:00:26]} 38. Re6 {[%emt 0:01:57]} Bxc6 {[%emt 0:03:00]} 39. Rxd6 {[%emt 0:00:21]} Rxd6 {[%emt 0:00:06]} 40. dxc6 {[%emt 0:00:16]} Rd8 {[%emt 0:00:14]} 41. Rc5 {[%emt 0:35:14]} Ke7 {[%emt 0:02:09]} 42. c7 {[%emt 0:00:00]} Rc8 {[%emt 0:01:02]} 43. b4 {[%emt 0:00:00]} Kd6 {[%emt 0:00:10]} 44. Rd5+ {[%emt 0:00:00]} 1-0

[Event "CZE-ch 2020"]
[Site "Pilsen"]
[Date "2020.08.24"]
[Round "2.1"]
[White "Stinka, Jakub"]
[Black "Navara, David"]
[Result "0-1"]
[WhiteElo "2299"]
[BlackElo "2719"]
[Annotator "TA"]
[PlyCount "98"]
[EventDate "2020.08.23"]
[EventType "swiss"]
[EventCountry "CZE"]
[SourceTitle "playchess.com"]
[Source "ChessBase"]
[SourceQuality "1"]

{[%evp 13,98,13,26,18,10,16,19,22,33,20,21,20,29,25,19,-83,-80,-99,-105,-91,-101,-93,-87,-85,-81,-83,-83,-81,-86,-85,-92,-87,-84,-87,-84,-84,-84,-88,-85,-88,-84,-90,-90,-91,-91,-96,-87,-102,-97,-100,-94,-102,-87,-111,-100,-169,-156,-141,-94,-194,-181,-203,-188,-162,-113,-118,-127,-112,-108,-362,-362,-355,-355,-340,-320,-402,-379,-343,-376,-362,-312,-12836,-5906,-12840,-12841,-12845,-12846]} 1. d4 Nf6 2. c4 e6 3. Nf3 d5 4. Nc3 c6 5. Bg5 h6 6. Bxf6 Qxf6 7. e3 g6 8. Bd3 {D43: Semi-Slav: 5 Bg5 h6.} Bg7 9. O-O O-O 10. e4 {The position is equal.} Qd8 11. e5 c5 12. dxc5 dxc4 13. Bxc4 Nd7 {[#]} 14. Qd6 $146 (14. Qe2 $11) ({Predecessor:} 14. Qe2 Nxc5 15. Rfd1 Qe7 16. Nb5 Bd7 17. Nd6 a5 18. Qe3 b6 19. Nd4 Rad8 20. Rd2 {1-0 (75) Lenic,L (2650)-Giri,A (2762) Heraklion 2017}) 14... Nxe5 $1 $17 {[%mdl 64] Remove Defender} 15. Nxe5 {Threatens to win with f4.} Qxd6 16. cxd6 {Strongly threatening f4.} Bxe5 17. Rad1 {And now d7 would win.} Rd8 18. Rfe1 Bxd6 19. Ne4 Be7 20. Rxd8+ Bxd8 21. Rd1 Be7 22. Nd6 Kf8 23. Nxc8 Rxc8 {[%mdl 4096] Endgame KRB-KRB} 24. b3 {[#]} b5 $1 {[%mdl 512]} 25. Bd3 (25. Bxb5 Rc2) 25... b4 26. Bc4 a5 27. Bd3 Bf6 28. Kf1 Ke7 29. Ke2 Rc5 30. f3 Be5 31. g3 h5 32. f4 Bd6 33. Rf1 {[#]} h4 $1 {[%mdl 512]} 34. Be4 (34. Bc4 $17) (34. gxh4 Rh5) 34... g5 $19 35. Bd3 g4 36. Be4 (36. f5 $17) 36... f5 37. Bd3 Rc3 38. Rg1 {[#]} a4 $1 {[%mdl 512]} 39. bxa4 Ra3 40. Bc4 {intending Bb3.} Bc5 41. Rh1 $2 {[%mdl 8192] This move loses the game for White.} (41. Re1 $17 hxg3 42. hxg3 Rxg3 43. Kd2) 41... hxg3 42. hxg3 Rxg3 43. Rh7+ Kd6 44. a5 Re3+ 45. Kd2 Re4 46. Bb3 {If only White now had time for a6....} Rxf4 47. a6 $2 (47. Rg7) 47... g3 {Black is clearly winning.} 48. a7 {[#]} Bxa7 $1 {[%mdl 576] Promotion} 49. Rxa7 g2 {Accuracy: White = 64%, Black = 95%.} 0-1

[Event "CZE-ch 2020"]
[Site "Pilsen"]
[Date "2020.08.24"]
[Round "2.2"]
[White "Stalmach, Richard"]
[Black "Babula, Vlastimil"]
[Result "1/2-1/2"]
[WhiteElo "2273"]
[BlackElo "2571"]
[Annotator "ChessBase"]
[PlyCount "85"]
[EventDate "2020.08.23"]
[EventType "swiss"]
[EventCountry "CZE"]
[SourceTitle "playchess.com"]
[Source "ChessBase"]
[SourceQuality "1"]
[TimeControl "40/5400+30:1800+30"]

1. d4 {[%emt 0:00:00]} Nf6 {[%emt 0:00:00]} 2. c4 {[%emt 0:00:00]} e6 {[%emt 0:00:01]} 3. Nc3 {[%emt 0:00:00]} Bb4 {[%emt 0:00:22]} 4. e3 {[%emt 0:00:00]} O-O {[%emt 0:01:12]} 5. Bd3 {[%emt 0:00:00]} b6 {[%emt 0:02:28]} 6. Nge2 {[%emt 0:00:46]} d5 {[%emt 0:00:48]} 7. cxd5 {[%emt 0:00:18]} exd5 {[%emt 0:00:41]} 8. a3 {[%emt 0:00:16]} Bd6 {[%emt 0:00:27]} 9. O-O {[%emt 0:00:46]} Re8 {[%emt 0:02:17]} 10. b4 {[%emt 0:00:50]} a6 {[%emt 0:04:23]} 11. f3 {[%emt 0:02:15]} c5 {[%emt 0:03:39]} 12. bxc5 {[%emt 0:01:10]} bxc5 {[%emt 0:00:04]} 13. e4 {[%emt 0:20:41]} cxd4 {[%emt 0:09:18]} 14. Nxd5 {[%emt 0:01:52]} Nxd5 {[%emt 0:00:36]} 15. exd5 {[%emt 0:00:04]} Bb7 {[%emt 0:01:08]} 16. Be4 {[%emt 0:12:12]} Be5 {[%emt 0:15:44]} 17. Nf4 {[%emt 0:16:28]} Bxf4 {[%emt 0:17:24]} 18. Bxf4 {[%emt 0:00:07]} Bxd5 {[%emt 0:00:12]} 19. Qxd4 {[%emt 0:00:59]} Bxe4 {[%emt 0:00:24]} 20. Qxd8 {[%emt 0:00:07]} Rxd8 {[%emt 0:00:05]} 21. fxe4 {[%emt 0:00:05]} Nc6 {[%emt 0:02:08]} 22. Rad1 {[%emt 0:05:36]} Nd4 {[%emt 0:10:23]} 23. Bc7 {[%emt 0:02:25]} Ne2+ {[%emt 0:01:09]} 24. Kf2 {[%emt 0:00:06]} Rxd1 {[%emt 0:00:13]} 25. Rxd1 {[%emt 0:00:04]} Nc3 {[%emt 0:00:07]} 26. Rd8+ {[%emt 0:00:39]} Rxd8 {[%emt 0:00:05]} 27. Bxd8 {[%emt 0:00:02]} Nxe4+ {[%emt 0:03:02]} 28. Ke3 {[%emt 0:00:08]} Nc5 {[%emt 0:02:13]} 29. Bb6 {[%emt 0:04:53]} Nd7 {[%emt 0:06:17]} 30. Bc7 {[%emt 0:00:05]} f5 {[%emt 0:01:18]} 31. Kd4 {[%emt 0:00:11]} Kf7 {[%emt 0:00:40]} 32. Kd5 {[%emt 0:00:36]} g5 {[%emt 0:01:51]} 33. a4 {[%emt 0:01:17]} f4 {[%emt 0:01:33]} 34. a5 {[%emt 0:03:20]} Nf6+ {[%emt 0:02:06]} 35. Kc6 {[%emt 0:00:15]} Ke6 {[%emt 0:01:19]} 36. Kb7 {[%emt 0:03:44]} Kd7 {[%emt 0:04:11]} 37. Bb8 {[%emt 0:07:59]} Nd5 {[%emt 0:02:03]} 38. Kxa6 {[%emt 0:00:35]} Kc6 {[%emt 0:00:50]} 39. h3 {[%emt 0:06:41]} Nb4+ {[%emt 0:02:58]} 40. Ka7 {[%emt 0:00:03]} Kb5 {[%emt 0:00:55]} 41. Bc7 {[%emt 0:30:26]} Nc6+ {[%emt 0:07:55]} 42. Kb7 {[%emt 0:00:00]} Nxa5+ {[%emt 0:00:07]} 43. Bxa5 {[%emt 0:00:00]} 1/2-1/2

[Event "CZE-ch 2020"]
[Site "Pilsen"]
[Date "2020.08.24"]
[Round "2.3"]
[White "Nguyen, Thai Dai Van"]
[Black "Brejnik, Gustav"]
[Result "1/2-1/2"]
[WhiteElo "2569"]
[BlackElo "2265"]
[Annotator "TA"]
[PlyCount "150"]
[EventDate "2020.08.23"]
[EventType "swiss"]
[EventCountry "CZE"]
[SourceTitle "playchess.com"]
[Source "ChessBase"]
[SourceQuality "1"]

{[%evp 13,150,20,19,21,17,0,0,0,0,0,0,0,0,0,0,0,0,0,47,0,0,0,0,0,49,47,46,43,34,17,30,27,19,0,0,3,95,95,131,133,129,114,143,133,182,98,109,107,92,101,77,68,80,52,46,0,102,52,53,52,77,77,70,72,56,8,51,8,8,8,8,8,8,8,8,8,8,8,8,5,5,0,0,0,0,0,8,0,8,8,8,0,0,0,0,0,0,0,0,0,0,0,0,0,5,0,8,0,0,0,8,0,0,0,0,0,0,0,8,0,0,0,0,0,0,0,0,0,8,8,8,8,8,8,8,8,8,8,8]} 1. c4 c6 2. Nf3 d5 3. d4 Nf6 4. Qc2 dxc4 5. Qxc4 Bf5 6. g3 e6 7. Bg2 Be7 8. O-O {D23: Queen's Gambit Accepted: 3 Nf3 Nf6 sidelines.} O-O 9. Qb3 $1 {[%mdl 4] outshines the older 9.Nc3. Played by Maxime Vachier Lagrave in June 2020.} Qb6 10. Nbd2 Na6 11. Nc4 Qxb3 12. axb3 Nb4 13. Bf4 Ne4 {[#]} 14. Na5 $146 ({Predecessor:} 14. Ne1 Rfd8 15. f3 Nd6 16. e4 Bg6 17. Nxd6 Bxd6 18. Be3 Bc7 19. Rf2 Bb6 20. Rd2 {½-½ (69) Wiechert,H-Gabriel,R (2260) Germany 1993}) 14... b6 15. Nc4 Nd5 16. Nfd2 Nxf4 17. gxf4 Nxd2 18. Nxd2 Bd6 19. e3 Rac8 20. Rxa7 c5 $1 21. d5 exd5 22. Bxd5 Bb8 23. Rb7 {Hoping for Nc4.} Rcd8 24. Be4 Rxd2 (24... Bh3 $11 {keeps the balance.} 25. Nc4 (25. Rd1 Rd6 $17) 25... Bxf1 26. Kxf1 Bd6) 25. Bxf5 $16 Bd6 26. Ra1 g6 27. Be4 Rb8 {[#]} 28. Rd7 $1 g5 {[#]} 29. Raa7 (29. Kf1 $1 $18) 29... gxf4 30. Rxf7 {White threatens Rg7+ and mate.} fxe3 31. Rg7+ Kh8 32. Rxh7+ Kg8 33. Rhg7+ Kh8 34. Rh7+ ({White should try} 34. fxe3 $14 Rd1+ 35. Kg2 Rd2+ 36. Kg1 Rd1+ 37. Kg2 Rd2+ 38. Kf3 Rxh2 39. Rh7+ Rxh7 40. Rxh7+ Kg8 41. Ra7) 34... Kg8 35. fxe3 {Strongly threatening Rh5.} Re8 $1 {[%cal Re8e4]} 36. Rh4 Bxh2+ 37. Rxh2 Rd1+ 38. Kf2 Rxe4 {[%mdl 4096] Endgame KRR-KRR} 39. Rh6 Rb4 40. Rb7 {next Ke2 is good for White.} (40. Rg6+ {is interesting.} Kf8 41. Rf6+ Kg8 42. Ke2 Rd5 43. Rc6) 40... Rxb3 {The position is equal.} 41. Rhxb6 Rd2+ 42. Kf3 Rxb6 43. Rxb6 $11 {KR-KR} Kf7 44. Ke4 Ke7 $1 45. Ke5 Kd7 46. e4 Kc7 47. Rb5 Kc6 48. Rb8 (48. Rb3 {is more complex.} Rh2 49. Rb8 Kc7 50. Ra8 Rxb2 51. Kd5) 48... Kc7 49. Rb3 Kd7 50. Kf4 Ke6 51. Rb6+ Kd7 52. Kf5 Kc7 53. Rb3 Kd6 54. Rb6+ Kc7 55. Rb5 Kc6 56. Rb8 Kc7 57. Rb3 Kd6 58. Kf4 Ke6 59. Rb6+ Kd7 60. e5 Kc7 61. Rb3 Kc6 62. Rb8 Kc7 63. Rb5 Kc6 64. Rb8 Kc7 65. Rb3 Kc6 66. e6 {Re3 is the strong threat.} Kd6 67. Rb6+ Kc7 68. Rb5 Kd6 69. Rb6+ Kc7 70. Ke3 Rd4 71. Rb5 Kd6 72. Rxc5 Rb4 (72... Kxc5 $2 {loses.} 73. e7 $18) 73. Rc2 Kxe6 74. Kd2 Kd5 75. Kc1 Rc4 {Accuracy: White = 87%, Black = 88%.} 1/2-1/2

[Event "CZE-ch 2020"]
[Site "Pilsen"]
[Date "2020.08.24"]
[Round "2.4"]
[White "Svanda, Ondrej"]
[Black "Hracek, Zbynek"]
[Result "0-1"]
[WhiteElo "2250"]
[BlackElo "2563"]
[Annotator "TA"]
[PlyCount "140"]
[EventDate "2020.08.23"]
[EventType "swiss"]
[EventCountry "CZE"]
[SourceTitle "playchess.com"]
[Source "ChessBase"]
[SourceQuality "1"]

{[%evp 10,140,12,0,0,0,0,0,0,0,18,0,0,0,0,0,0,-19,0,0,0,0,0,0,0,0,19,0,0,0,68,66,94,76,76,52,115,81,71,76,85,12,14,16,31,0,0,0,0,-47,18,-21,-20,-72,-72,-72,-72,-70,-73,-72,-72,-72,-70,-64,-92,-82,-85,-89,0,-50,0,-87,-68,-122,-122,-122,-122,-147,-91,-143,-143,-143,-143,-157,-157,-157,-148,-156,-87,-80,-58,-58,-58,-67,-67,-74,-58,-58,-42,-58,-58,-58,-58,-74,-60,-69,-52,-52,-52,-52,-52,-52,-52,-52,-32,-79,-45,-82,-77,-81,-60,-112,-112,-112,-112,-112,-112,-808,-793,-5102,-2215,-5102,-5035]} 1. c4 Nf6 2. g3 c6 3. Nf3 d5 4. Bg2 dxc4 5. O-O Nbd7 6. Qc2 Nb6 {A11: English Opening: 1...c6.} 7. a4 a5 8. Na3 Be6 {The position is equal.} 9. Ne5 {[%cal Ra3c4]} h5 $5 {[%mdl 4] Leaves trodden paths.} 10. Naxc4 Nxc4 11. Nxc4 h4 12. d3 {[#]} g6 $146 ({Predecessor:} 12... hxg3 13. hxg3 Ng4 14. Qc3 Rh5 15. Rd1 g6 16. Bf4 Rh7 17. d4 Bg7 18. b4 axb4 19. Qxb4 {1-0 (56) Lilleoren,M (2490)-Zugrav,W (2580) ICCF email 2006}) 13. Bf4 hxg3 14. hxg3 Nd5 15. Be5 f6 16. Bc3 $1 Bg7 17. Rfd1 Kf7 18. e4 Nxc3 19. Qxc3 Qc7 (19... f5 $11 20. d4 Kg8) 20. d4 $1 $14 Rhc8 21. Rac1 {[%cal Ba1c1,Bc1c3,Bc3b3][%mdl 32]} Bh6 22. f4 g5 (22... Kg7 $14) 23. f5 Bxc4 24. Qxc4+ Kg7 25. Qe6 (25. e5 $16) 25... g4 $11 26. Rc3 Qd6 27. Qxd6 (27. Qb3 {keeps more tension.} Rab8 28. Qc2 Bg5 29. b3 Rd8 30. Rcd3) 27... exd6 28. Rb3 Rab8 29. d5 Kf7 ({Black should play} 29... c5 $15) 30. dxc6 bxc6 31. Rdd3 (31. Rc3 $1 $11 {remains equal.}) 31... Ke7 $17 32. Bf1 Bc1 33. Rxb8 Rxb8 {[%mdl 4096] Endgame KRB-KRB} 34. Rc3 Bxb2 35. Rxc6 Bd4+ 36. Kh1 Rb1 37. Kg2 Rb2+ 38. Kh1 Rb1 39. Kg2 Rb2+ 40. Kh1 Rb3 41. Rc7+ (41. Kg2 $15) 41... Kd8 42. Rg7 Rxg3 {Hoping for ...Rg1+.} 43. Be2 Rg1+ $1 44. Kh2 {[#]} Ra1 $1 {[%cal Ra1a2] White must now prevent ...Ra2.} 45. Rxg4 Rxa4 46. Bb5 Rb4 47. Bc6 Kc7 48. Bd5 {[#]} Kb6 (48... a4 $142 $1 49. Rg8 Rb2+ 50. Kg3 a3) 49. Rg8 Be5+ 50. Kg2 Kc5 51. Kf3 Kd4 52. Ra8 Ra4 53. Ke2 Ra3 54. Rc8 {[%csl Gd5][%cal Rc8c4]} Bf4 55. Rc4+ Ke5 56. Bc6 Be3 57. Kd1 Bc5 58. Kc2 Bb4 59. Kb2 $1 Kf4 60. Bb7 Ke3 61. Bc6 Rd3 62. Kb1 Rd1+ 63. Rc1 Rd4 64. Kb2 Bc5 65. Rc3+ ({White should try} 65. Ra1 $15) 65... Kf4 66. Rh3 a4 {[%cal Ba5a4,Ba4a3][%mdl 32]} 67. Kc2 a3 68. Kb3 $2 {[%mdl 8192]} (68. Rh8 $17) 68... Rb4+ $19 {Black is clearly winning.} 69. Ka2 Rb2+ 70. Ka1 Bd4 {Accuracy: White = 72%, Black = 85%.} 0-1

[Event "CZE-ch 2020"]
[Site "Pilsen"]
[Date "2020.08.24"]
[Round "2.5"]
[White "Polak, Tomas"]
[Black "Klement, Lukas"]
[Result "1-0"]
[WhiteElo "2563"]
[BlackElo "2260"]
[Annotator "ChessBase"]
[PlyCount "75"]
[EventDate "2020.08.23"]
[EventType "swiss"]
[EventCountry "CZE"]
[SourceTitle "playchess.com"]
[Source "ChessBase"]
[SourceQuality "1"]
[TimeControl "40/5400+30:1800+30"]

1. d4 {[%emt 0:00:00]} Nf6 {[%emt 0:00:00]} 2. c4 {[%emt 0:00:00]} e6 {[%emt 0:00:00]} 3. Nc3 {[%emt 0:01:25]} Bb4 {[%emt 0:00:04]} 4. e3 {[%emt 0:00:23]} O-O {[%emt 0:00:20]} 5. Nge2 {[%emt 0:00:19]} Re8 {[%emt 0:00:32]} 6. a3 {[%emt 0:00:17]} Bf8 {[%emt 0:00:27]} 7. d5 {[%emt 0:05:13]} exd5 {[%emt 0:03:42]} 8. cxd5 {[%emt 0:00:12]} d6 {[%emt 0:00:18]} 9. Nd4 {[%emt 0:05:57]} c6 {[%emt 0:05:50]} 10. dxc6 {[%emt 0:07:26]} bxc6 {[%emt 0:11:14]} 11. Be2 {[%emt 0:00:52]} a5 {[%emt 0:07:45]} 12. O-O {[%emt 0:01:23]} Ba6 {[%emt 0:04:50]} 13. Bxa6 {[%emt 0:09:35]} Rxa6 {[%emt 0:01:13]} 14. Qd3 {[%emt 0:01:12]} d5 {[%emt 0:07:43]} 15. Bd2 {[%emt 0:06:00]} c5 {[%emt 0:05:40]} 16. Nf3 {[%emt 0:02:17]} c4 {[%emt 0:05:38]} 17. Qc2 {[%emt 0:02:15]} Nbd7 {[%emt 0:06:00]} 18. b3 {[%emt 0:05:14]} cxb3 {[%emt 0:15:29]} 19. Qxb3 {[%emt 0:00:28]} Nc5 {[%emt 0:00:11]} 20. Qa2 {[%emt 0:01:51]} Nfe4 {[%emt 0:02:29]} 21. Rad1 {[%emt 0:05:36]} Rf6 {[%emt 0:04:44]} 22. Ne2 {[%emt 0:04:39]} Bd6 {[%emt 0:04:23]} 23. Ng3 {[%emt 0:02:44]} Bxg3 {[%emt 0:01:50]} 24. hxg3 {[%emt 0:02:15]} Ree6 {[%emt 0:04:40]} 25. Be1 {[%emt 0:04:55]} Rd6 {[%emt 0:00:16]} 26. Qb2 {[%emt 0:00:33]} g5 {[%emt 0:06:09]} 27. Ne5 {[%emt 0:07:00]} Rfe6 {[%emt 0:01:01]} 28. f3 {[%emt 0:01:59]} Rb6 {[%emt 0:00:49]} 29. Qc2 {[%emt 0:03:38]} Rxe5 {[%emt 0:00:18]} 30. Bxa5 {[%emt 0:00:11]} Qd6 {[%emt 0:00:41]} 31. Bxb6 {[%emt 0:00:39]} Qxb6 {[%emt 0:00:01]} 32. Rb1 {[%emt 0:03:56]} Qd6 {[%emt 0:01:00]} 33. fxe4 {[%emt 0:00:21]} dxe4 {[%emt 0:00:28]} 34. Qc4 {[%emt 0:03:07]} Rd5 {[%emt 0:00:36]} 35. Rb8+ {[%emt 0:03:23]} Kg7 {[%emt 0:00:16]} 36. Rb6 {[%emt 0:00:15]} Qxb6 {[%emt 0:00:47]} 37. Qxd5 {[%emt 0:00:07]} h6 {[%emt 0:00:28]} 38. Qxf7+ {[%emt 0:00:40]} 1-0